[Event "32nd Open"]
[Site "Sitges ESP"]
[Date "2006.07.29"]
[Round "9"]
[White "Beltran Rueda,S"]
[Black "Formanek,E"]
[Result "1/2-1/2"]
[WhiteElo "2371"]
[BlackElo "2288"]

1.Nf3 d5 2.g3 Nc6 3.d4 Bg4 4.Bg2 e6 5.O-O Nf6 6.c4 Be7 7.cxd5 exd5 8.Ne5 Be6
9.Qa4 Bd7 10.Nxd7 Qxd7 11.Nc3 Nb4 12.Qxd7+ Kxd7 13.a3 Nc2 14.Rb1 Nxd4 15.Rd1 Ne6
16.Nxd5 Nxd5 17.Rxd5+ Kc8 18.b4 Rd8 19.Bb2 Rxd5 20.Bxd5 g6 21.f4 c6 22.Bc4 b5
23.Bd3 a5 24.Be4 Nd8 25.Bc3 axb4 26.axb4 Ra3 27.Be1 f5 28.Bg2 Kc7 29.e4 fxe4
30.Bxe4 Nf7 31.Rc1 Ra6 32.Bc3 Nd6 33.Be5 Kd7 34.Bg2 Nc4 35.Bh3+ Ke8 36.Bc3 Ne3
37.Bd4 Nf5 38.Bc5 Bxc5+ 39.Rxc5 Ne7 40.f5 Nd5 41.fxg6 hxg6 42.Bg2 Nxb4 43.Be4 Nd5
44.Bxg6+ Kd7 45.h4 b4 46.h5 b3 47.h6 Ra8 48.h7 Kd6 49.Ra5 Rh8 50.Bd3 c5 51.Ra3 Nb4
52.Rxb3 Nxd3 53.Rxd3+ Kc6 54.Kg2  1/2-1/2

[Event "Politiken Cup"]
[Site "Copenhagen DEN"]
[Date "2006.07.30"]
[Round "9"]
[White "Haapasalo,JP"]
[Black "Lahlum,H"]
[Result "0-1"]
[WhiteElo "2200"]
[BlackElo "2264"]

1.Nf3 d5 2.g3 Nf6 3.c4 e6 4.b3 Be7 5.Bg2 O-O 6.O-O c5 7.cxd5 Nxd5 8.Bb2 Nc6
9.Nc3 Bf6 10.Rc1 b6 11.Qc2 Nxc3 12.Bxc3 Bb7 13.Qb2 Bxc3 14.Rxc3 Qe7 15.Rfc1 Rfd8
16.d3 e5 17.a3 a5 18.Rc4 f6 19.Nh4 g6 20.Bh3 Nd4 21.b4 axb4 22.axb4 Bd5 23.bxc5 Bxc4
24.dxc4 bxc5 25.Re1 Rab8 26.Qa2 Qd6 27.Bg2 Kh8 28.Bd5 Ne6 29.Qd2 Kg7 30.Ng2 Nd4
31.Ne3 f5 32.Kg2 Rb4 33.h4 Qb6 34.h5 Rb2 35.h6+ Kf6 36.Qc1 Qb3 37.Bf3 e4
38.Bxe4 fxe4 39.Ng4+ Ke6 40.Qg5 Kd7 41.Nf6+ Kc6 42.Nxh7 Rd6 43.Qe5 Rxe2 44.Qe8+ Kc7
45.Qe7+ Rd7 46.Qxc5+ Kb7 47.Ng5 Rxe1 48.h7 Qb1  0-1

[Event "MTO Open"]
[Site "Biel SUI"]
[Date "2006.07.31"]
[Round "7"]
[White "Rashkovsky,N"]
[Black "Sudakova,I"]
[Result "1/2-1/2"]
[WhiteElo "2512"]
[BlackElo "2376"]

1.Nf3 d5 2.g3 Nf6 3.Bg2 c5 4.O-O Nc6 5.d3 e5 6.e4 Be7 7.Nbd2 O-O 8.Re1 d4
9.Nc4 Qc7 10.a4 Ne8 11.Rf1 b6 12.b3 a6 13.Bd2 Ra7 14.a5 b5 15.Nb6 Be6 16.Nh4 Nd6
17.Nf5 Bd8 18.g4 c4 19.bxc4 bxc4 20.f4 c3 21.Bc1 Nb5 22.Qf3 Nb4 23.Rf2 f6
24.fxe5 Qxe5 25.h4 Bxb6 26.axb6 Rb7 27.Bf4 Qc5 28.Qg3 Rxb6 29.Re1 Na3 30.Ree2 Naxc2
31.Rxc2 Nxc2 32.Rxc2 Rb2 33.Rc1 c2 34.Qe1 Qa3 35.Bf1 Bxf5 36.exf5 Qb3 37.g5 fxg5
38.Bxg5 h6 39.Bd2 Rxf5 40.Bh3 Rf6 41.Qe8+ Kh7 42.Bg2 Qe6 43.Be4+ g6 44.Qxe6 Rxe6
45.Kf2 Re5 46.Ke2 Rc5  1/2-1/2

[Event "Sunny Pawn Open"]
[Site "Illichevsk UKR"]
[Date "2006.07.31"]
[Round "11"]
[White "Nazarevich,V"]
[Black "Kigel,D"]
[Result "1-0"]
[WhiteElo "2303"]
[BlackElo "1993"]

1.Nf3 d5 2.g3 c6 3.Bg2 Bg4 4.O-O Nd7 5.d3 e6 6.c4 Ngf6 7.Nc3 Bd6 8.Qc2 O-O
9.b3 a5 10.e4 dxe4 11.dxe4 Bxf3 12.Bxf3 e5 13.Rd1 Qe7 14.Na4 Nc5 15.Ba3 Rfd8
16.Rxd6 Qxd6 17.Bxc5 Qe6 18.Bb6 Re8 19.Nc5 Qh3 20.Bg2 Qh5 21.Qd1 Qg6 22.Qd6 h5
23.h4 Qh6 24.Rd1 Kh7 25.Bh3 g5 26.Nxb7 gxh4 27.Be3  1-0

[Event "15th Open A"]
[Site "Vienna AUT"]
[Date "2006.08.01"]
[Round "4"]
[White "Neubauer,M"]
[Black "Kummer,Hel"]
[Result "1/2-1/2"]
[WhiteElo "2480"]
[BlackElo "2335"]

1.Nf3 d5 2.g3 c6 3.Bg2 Bg4 4.c4 e6 5.O-O Nd7 6.b3 Ngf6 7.Bb2 Be7 8.d3 O-O
9.Nbd2 a5 10.a3 Re8 11.Ra2 Bd6 12.d4 Qb8 13.c5 Bc7 14.Qa1 e5 15.dxe5 Nxe5
16.Nxe5 Bxe5 17.Nf3 Bxb2 18.Qxb2 Re7 19.Rc1 h6 20.b4 axb4 21.axb4 Rxa2 22.Qxa2 Re4
23.Qb2 Rc4 24.Rxc4 dxc4 25.Ne5 Qd8 26.Qc2 Qd4 27.Nxc4 Qa1+ 28.Bf1 Bh3 29.Nd2 Ng4
30.Qb1 Qd4 31.Qf5 g6 32.Qf4 Qa1 33.f3 Bxf1 34.Nxf1 Nxh2 35.Kxh2 Qxf1 36.Qb8+ Kg7
37.Qxb7 Qxe2+ 38.Kg1 Qxf3 39.b5 Qxg3+ 40.Kf1 Qf3+ 41.Ke1 Qe3+ 42.Kd1 Qd4+
43.Ke2 Qe4+  1/2-1/2

[Event "Adolfo Pedrido Mem"]
[Site "Vilagarcia de Arousa ESP"]
[Date "2006.08.01"]
[Round "8"]
[White "Galard Agustin,T"]
[Black "Muniz Vicente,J"]
[Result "0-1"]
[WhiteElo "1995"]
[BlackElo "1797"]

1.Nf3 d5 2.g3 Nf6 3.Bg2 e6 4.O-O Bd6 5.d4 O-O 6.Nbd2 b6 7.c4 c6 8.b3 Nbd7
9.Bb2 Bb7 10.Qc2 Rc8 11.Rac1 c5 12.Ba3 Ne4 13.Nxe4 dxe4 14.Nd2 f5 15.e3 Qe7
16.Bb2 cxd4 17.exd4 e5 18.d5 Bxd5 19.Rcd1 Ba8 20.Nb1 Nc5 21.Nc3 Nd3 22.Nb5 Bc5
23.Nc3 Nxb2 24.Qxb2 Bd4 25.Qc2 Rcd8 26.a3 Qxa3 27.Nb5 Qe7 28.Qa2 a5 29.Kh1 Bc6
30.Rfe1 Kh8 31.Rd2 Bxb5 32.cxb5 Bc3 33.Rxd8 Rxd8 34.Rf1 Rd2 35.Qb1 Qd7 36.g4 g6
37.gxf5 Qxf5 38.Bxe4 Qf4 39.Kg1 Bd4 40.Qe1 Kg7 41.Kg2 Qg4+ 42.Kh1 Re2  0-1

[Event "Adolfo Pedrido Mem"]
[Site "Vilagarcia de Arousa ESP"]
[Date "2006.08.01"]
[Round "8"]
[White "Nunez Garcia,R"]
[Black "Barreiro Pineiro,J"]
[Result "0-1"]
[WhiteElo "2085"]
[BlackElo "1976"]

1.Nf3 d5 2.g3 g6 3.Bg2 Bg7 4.d4 Nf6 5.O-O O-O 6.Nbd2 e6 7.b3 c5 8.c3 Nc6
9.Rb1 cxd4 10.cxd4 b6 11.Re1 Ba6 12.Nf1 Rc8 13.Ba3 Re8 14.Rc1 Ne4 15.e3 Qd7
16.N3d2 Nd6 17.Nb1 Nb5 18.Bb2 Nd6 19.a3 Na5 20.Nfd2 Bd3 21.Nc3 Rc7 22.Bf1 Bxf1
23.Kxf1 Rec8 24.Qe2 h5 25.h4 Nab7 26.Qd3 Nd8 27.Kg2 Bf6 28.Ne2 Nc6 29.Nf3 Bg7
30.Rc3 Ne4 31.Rcc1 Qe7 32.Nd2 Nf6 33.Rc3 Na5 34.Rec1 Nb7 35.Rxc7 Rxc7 36.Rc3 Nd6
37.f3 Nfe8 38.Rxc7 Qxc7 39.Kf2 Nf5 40.e4 dxe4 41.fxe4 Nh6 42.Bc3 Ng4+ 43.Kg2 Nd6
44.d5 Qc5 45.Bd4 Bxd4 46.Qxd4 Qb5 47.Nc3 Qd7 48.Nf3 Nb5 49.Nxb5 Qxb5 50.Qc4 Ne3+  0-1

[Event "MTO Open"]
[Site "Biel SUI"]
[Date "2006.08.03"]
[Round "10"]
[White "Pavlovic,Milo"]
[Black "Welling,G"]
[Result "1/2-1/2"]
[WhiteElo "2497"]
[BlackElo "2373"]

1.Nf3 d5 2.g3 c6 3.Bg2 Bg4 4.O-O Nd7 5.d4 e6 6.Nbd2 f5 7.c4 Bd6 8.Qb3 Rb8
9.Re1 Ngf6 10.Ng5 Qe7 11.f3 h6 12.Nxe6 Qxe6 13.fxg4 Nxg4 14.cxd5 Qe3+ 15.Qxe3+ Nxe3
16.dxc6 bxc6 17.Ne4 fxe4 18.Bxe3 Nf6 19.b3 Ba3 20.Rad1 O-O 21.Bc1 Bb4 22.Bd2 Ba3
23.e3 Rfe8 24.Bf1 Kh7 25.Bc4 c5 26.Bc3 Rf8 27.Re2 Rbd8 28.Rf1 Rd6 29.Kg2 Kg6
30.h3 Rfd8 31.g4 R8d7 32.dxc5 Bxc5 33.Rf5 Bb6 34.a4 h5 35.Bxf6 gxf6 36.Rxh5 Rd2
37.Kf2 Rd1 38.a5 Bc7 39.Kg2 Ra1 40.Rf2 Rdd1 41.Rf1 Rxf1 42.Bxf1 Bxa5  1/2-1/2

[Event "MTO Open"]
[Site "Biel SUI"]
[Date "2006.08.04"]
[Round "11"]
[White "Skoberne,J"]
[Black "Cebalo,M"]
[Result "1-0"]
[WhiteElo "2407"]
[BlackElo "2505"]

1.g3 d5 2.Nf3 c6 3.Bg2 Nf6 4.O-O Bg4 5.d3 Nbd7 6.Nbd2 e5 7.e4 dxe4 8.dxe4 Bc5
9.h3 Bxf3 10.Qxf3 h5 11.Nc4 h4 12.Be3 Be7 13.Rad1 Qc7 14.Bg5 hxg3 15.fxg3 O-O-O
16.Bxf6 Nxf6 17.Qf5+ Kb8 18.Qxe5 b5 19.Na5 Qxe5 20.Nxc6+ Kc7 21.Nxe5 Bc5+
22.Kh2 Rde8 23.Nd3 Bd6 24.Rf5 a6 25.Bf3 Nxe4 26.Rxf7+ Kb6 27.Nf4 g5 28.Bxe4 Bxf4
29.gxf4 Rxe4 30.fxg5 Re3 31.Rd6+ Kc5 32.Rh6 Rd8 33.Rf2  1-0

[Event "Liepajas Rokade"]
[Site "Liepaja LAT"]
[Date "2006.08.05"]
[Round "4"]
[White "Luckans,A"]
[Black "Kanep,M"]
[Result "1/2-1/2"]
[WhiteElo "2469"]
[BlackElo "2510"]

1.Nf3 d5 2.g3 Nf6 3.Bg2 c5 4.O-O Nc6 5.d4 e6 6.c4 dxc4 7.Ne5 Bd7 8.Na3 cxd4
9.Naxc4 Bc5 10.Nxc6 Bxc6 11.Bxc6+ bxc6 12.b4 Bb6 13.Bb2 O-O 14.Nxb6 axb6
15.Bxd4 b5 16.Bc5 Re8 17.Qc2 Qc7 18.a4 bxa4 19.Rxa4 Rxa4 20.Qxa4 h6 21.Rc1 Qb7
22.Bd6 Rc8 23.Qc2 Ne8 24.Bc5 Rd8 25.Qc4 Nc7 26.Ra1 Nb5 27.Be3 Nd6 28.Qc5 Ne4
29.Qc4 Nd6 30.Qc5 Ne4 31.Qc4 Nd6  1/2-1/2

[Event "15th Open A"]
[Site "Vienna AUT"]
[Date "2006.08.05"]
[Round "8"]
[White "Bawart,M"]
[Black "Weinzettl,E"]
[Result "0-1"]
[WhiteElo "2334"]
[BlackElo "2327"]

1.Nf3 d5 2.g3 c5 3.Bg2 Nc6 4.O-O Nf6 5.c4 e6 6.d4 Be7 7.cxd5 exd5 8.dxc5 Bxc5
9.a3 O-O 10.b4 Bb6 11.Bb2 Bg4 12.h3 Bh5 13.Nc3 Re8 14.g4 Bg6 15.Na4 Bc7 16.Nc5 b6
17.Na6 Bd6 18.Rc1 Nb8 19.g5 Nh5 20.Nxb8 Rxb8 21.e3 Be4 22.h4 Qd7 23.Nh2 Bxg2
24.Kxg2 Re4 25.Qxh5 g6 26.Qf3 Bxh2 27.Qf6 Qg4+ 28.Kh1 d4 29.Bxd4 Rxd4 30.exd4 Qh3
31.Rfd1 Be5+ 32.Kg1 Qh2+ 33.Kf1 Bxf6  0-1

[Event "15th Open A"]
[Site "Vienna AUT"]
[Date "2006.08.05"]
[Round "8"]
[White "Heiny,J"]
[Black "Zoebisch,H"]
[Result "1-0"]
[WhiteElo "2049"]
[BlackElo "2194"]

1.Nf3 d5 2.g3 c6 3.Bg2 Bg4 4.O-O Nd7 5.d4 Ngf6 6.c4 e6 7.Qb3 Qb6 8.Nc3 Be7
9.c5 Qxb3 10.axb3 a6 11.b4 Rc8 12.Bf4 O-O 13.h3 Bxf3 14.Bxf3 Rfd8 15.Rfd1 h6
16.g4 Nh7 17.e3 Re8 18.Bg2 f5 19.gxf5 exf5 20.Nxd5  1-0

[Event "HZ Open"]
[Site "Vlissingen NED"]
[Date "2006.08.08"]
[Round "5"]
[White "Van Weersel,A"]
[Black "Holwijn,M"]
[Result "1-0"]
[WhiteElo "2155"]
[BlackElo "2002"]

1.Nf3 d5 2.g3 Nf6 3.Bg2 c5 4.O-O g6 5.d3 Bg7 6.Nbd2 Nc6 7.e4 dxe4 8.dxe4 O-O
9.Re1 Qc7 10.c3 b6 11.Qe2 e6 12.Nf1 Bb7 13.e5 Nd5 14.h4 Rad8 15.N1h2 Nce7
16.Ng4 h5 17.Ngh2 Nf5 18.Bg5 Rc8 19.Nf1 Nh6 20.N3h2 Ne7 21.Bxb7 Qxb7 22.Nd2 Nef5
23.Bf4 Rfd8 24.Ne4 Rd5 25.Bxh6 Nxh6 26.Nd6 Rxd6 27.exd6 Nf5 28.Rad1 Qd7 29.Nf3 Nxd6
30.Ne5 Qc7 31.Nxg6 Nf5 32.Nf4 Nxh4 33.Nxh5 Ng6 34.Nxg7 Kxg7 35.Qb5 Ne5 36.Qe2 Ng6
37.Qe4 Rh8 38.Kg2 Rh5 39.Qg4 Qb7+ 40.f3 Rf5 41.Rd8 Qa6 42.a4 Kf6 43.Qe4 Re5
44.Qb1 Re2+ 45.Kg1 Ne5 46.Rf1 Qb7 47.Qh7 Nxf3+ 48.Rxf3+ Qxf3 49.Qh8+ Kf5
50.Qh7+ Ke5 51.Qg7+ f6 52.Qc7+ Ke4 53.Qc6+ Ke3 54.Rd3+  1-0

[Event "17th Jozef Kochan Mem"]
[Site "Koszalin POL"]
[Date "2006.08.09"]
[Round "6"]
[White "Mickiewicz,P"]
[Black "Stysiak,S"]
[Result "0-1"]
[WhiteElo "2380"]
[BlackElo "2221"]

1.Nf3 d5 2.g3 Nf6 3.Bg2 c6 4.O-O Bg4 5.d3 Nbd7 6.Nbd2 e5 7.e4 dxe4 8.dxe4 Bc5
9.h3 Bxf3 10.Qxf3 O-O 11.a4 a5 12.Nc4 Re8 13.Re1 Qc7 14.Ne3 Nf8 15.Nf5 N6d7
16.Qg4 Ne6 17.c3 Rad8 18.Bh6 Bf8 19.Bf1 Kh8 20.Be3 Bc5 21.Bc4 Nf6 22.Qh4 Bxe3
23.Rxe3 Rd2 24.b3 Qd8 25.Rae1 g5 26.Qh6 Rg8 27.Bxe6 fxe6 28.h4 Rg6 29.hxg5 Rxh6
30.Nxh6 Kg7 31.Rf3 Ng8 32.Rf7+ Kg6 33.Rxb7 Nxh6 34.gxh6 Qf6 35.Rf1 Qf3 36.Rg7+ Kxh6
37.Rg8 Qxe4 38.b4 axb4 39.cxb4 Qxb4 40.a5 Qxa5 41.Kh2 Qd5 42.Rh1 Rd1 43.Rxd1 Qxd1
44.Kg2 c5 45.g4 c4  0-1

[Event "HZ Open"]
[Site "Vlissingen NED"]
[Date "2006.08.10"]
[Round "7"]
[White "Van Weersel,A"]
[Black "Berg,K"]
[Result "0-1"]
[WhiteElo "2155"]
[BlackElo "2393"]

1.Nf3 d5 2.g3 c6 3.Bg2 Bg4 4.O-O Nd7 5.d3 Ngf6 6.Nbd2 e5 7.e4 Bd6 8.Qe1 O-O
9.h3 Bh5 10.Nh4 Re8 11.a4 a5 12.b3 Qc7 13.Nb1 dxe4 14.dxe4 Nc5 15.Nf5 Bf8
16.Ba3 Bg6 17.Qe3 Bxf5 18.exf5 Nd5 19.Qg5 Rad8 20.Bc1 e4 21.Bb2 h6 22.Qg4 e3
23.Bxd5 Rxd5 24.f3 e2 25.Re1 h5 26.Qg5 Rxf5  0-1

[Event "17th Jozef Kochan Mem"]
[Site "Koszalin POL"]
[Date "2006.08.13"]
[Round "10"]
[White "Grycel,K"]
[Black "Paszkiewicz,S"]
[Result "1/2-1/2"]
[WhiteElo "2317"]
[BlackElo "2222"]

1.Nf3 d5 2.g3 Nf6 3.Bg2 g6 4.O-O Bg7 5.d4 O-O 6.c4 dxc4 7.Na3 c3 8.bxc3 Nbd7
9.Nc4 Ne4 10.Qd3 Ndf6 11.Ne3 Nd6 12.Ne5 c6 13.Ba3 Be6 14.N3c4 Bf5 15.Qd1 Nfe4  1/2-1/2

[Event "CHN-RUS Chess Summit w"]
[Site "Ergun CHN"]
[Date "2006.08.14"]
[Round "5"]
[White "Kovalevskaya,E"]
[Black "Shen Yang"]
[Result "1/2-1/2"]
[WhiteElo "2463"]
[BlackElo "2459"]

1.Nf3 d5 2.g3 Nf6 3.Bg2 Bf5 4.c4 e6 5.O-O Be7 6.Qb3 Qc8 7.Nc3 c6 8.d3 O-O
9.Nd4 Bg6 10.cxd5 cxd5 11.e4 Nbd7 12.Bg5 Nc5 13.Qc2 h6 14.Bxf6 Bxf6 15.Nde2 Rd8
16.Nf4 dxe4 17.dxe4 Bh7 18.Rac1 Qb8 19.b4 Nd7 20.Nfe2 Qd6 21.Qb3 Rac8 22.a3 Qa6
23.Rfd1 Ne5 24.Rxd8+ Rxd8 25.Rd1 g5 26.Rxd8+ Bxd8 27.Qa4 Qxa4 28.Nxa4 Nc4
29.Nc5 b6 30.Na6 Nxa3 31.Nd4 b5 32.Kf1 Bb6 33.Nb3 f5 34.Nbc5 Kf7 35.Ke2 Ke7
36.Kd3 g4 37.exf5 Bxf5+ 38.Kc3 Nc4 39.Bf1 Nd6 40.Bg2 e5 41.Nb8 Nc4 42.Bc6 a5
43.Bxb5 Na3 44.Bd3 axb4+ 45.Kb3 Bxc5 46.Bxf5 Nb5 47.Kc4 Nd6+ 48.Kxc5 Nxf5
49.Kxb4 Ke6 50.Kc4 Nd4 51.Kd3 Nf3 52.Ke4 Nxh2 53.Na6 Kd6 54.Nb4 Nf3 55.Kf5 h5
56.Kg6 Ne1 57.Kxh5 Kc5  1/2-1/2

[Event "Open"]
[Site "Stare Mesto CZE"]
[Date "2006.08.14"]
[Round "5"]
[White "Neumeier,L"]
[Black "Gruca,M"]
[Result "0-1"]
[WhiteElo "2253"]
[BlackElo "2150"]

1.Nf3 d5 2.g3 c6 3.Bg2 Bg4 4.b3 Nd7 5.Bb2 Ngf6 6.d3 e6 7.Nbd2 Bd6 8.e4 O-O
9.O-O e5 10.Qe1 Re8 11.Nh4 Qa5 12.a3 Rad8 13.Kh1 Qc7 14.h3 Be6 15.Qe2 b5
16.Rfe1 dxe4 17.dxe4 Nb6 18.f4 Bc8 19.f5 a6 20.g4 c5 21.Bc3 b4 22.Bb2 a5
23.g5 Nfd7 24.axb4 cxb4 25.Rac1 a4 26.bxa4 Nc5 27.a5 Nba4 28.Rb1 Ba6 29.Qg4 Nxb2
30.Rxb2 Nd3 31.Rf1 Nxb2 32.g6 Bxf1 33.gxh7+ Kh8 34.Nxf1 Be7  0-1

[Event "Open"]
[Site "Stare Mesto CZE"]
[Date "2006.08.14"]
[Round "5"]
[White "Stuchly,R"]
[Black "Kotan,L"]
[Result "0-1"]
[WhiteElo "2061"]
[BlackElo "2289"]

1.Nf3 d5 2.g3 c6 3.Bg2 Bf5 4.b3 h6 5.c4 e6 6.O-O Nf6 7.d3 Be7 8.Bb2 O-O 9.Nbd2 Nbd7
10.Rc1 a5 11.a3 Qb6 12.a4 Rfd8 13.Qc2 Bb4 14.Bc3 c5 15.Bxb4 Qxb4 16.Nb1 d4
17.Qa2 e5 18.Nfd2 Re8 19.f3 Qb6 20.Na3 Rad8 21.Nb5 Nb8 22.Qc2 Nc6 23.Qd1 Nb4
24.Ne4 Bxe4 25.fxe4 Ng4 26.Qd2 Ne3 27.Rf3 Re6 28.Bh3 Rg6 29.Kf2 Rf8 30.Bf5 Rf6
31.Bh3 Rxf3+ 32.exf3 g6 33.g4 Qf6 34.Rg1 Qf4 35.Rg3 Nf5 36.Ke2 Ne3 37.Nd6 h5
38.Nb5 h4  0-1

[Event "Petrovskaja Ladja A1"]
[Site "Peterhof RUS"]
[Date "2006.08.15"]
[Round "3"]
[White "Zhidkov,V"]
[Black "Karpov,Alexa"]
[Result "1/2-1/2"]
[WhiteElo "2416"]
[BlackElo "2352"]

1.Nf3 d5 2.g3 Nf6 3.Bg2 e6 4.c4 Be7 5.d4 O-O 6.O-O dxc4 7.Qa4 a6 8.Qxc4 b5
9.Qc2 Bb7 10.Bf4 Nc6 11.Rd1 Nb4 12.Qc1 Rc8 13.Nc3 Nbd5 14.Ne5 c5 15.Nxd5 Bxd5
16.Bxd5 Nxd5 17.dxc5 Bxc5 18.Qd2 Bb4 19.Qd4 Qe7 20.Rac1 Bc5 21.Qe4 Rfd8  1/2-1/2

[Event "Open"]
[Site "Stare Mesto CZE"]
[Date "2006.08.15"]
[Round "6"]
[White "Lubczynski,R"]
[Black "Dvoulety,P"]
[Result "1-0"]
[WhiteElo "2361"]
[BlackElo "2044"]

1.Nf3 d5 2.g3 Nf6 3.Bg2 g6 4.O-O Bg7 5.c4 e6 6.d4 O-O 7.Nc3 b6 8.cxd5 exd5
9.Bg5 Bb7 10.Rc1 Re8 11.Ne5 h6 12.Bf4 Nh5 13.Bd2 c5 14.Nf3 cxd4 15.Nb5 Nc6
16.g4 Nf6 17.g5 Ne4 18.gxh6 Bf6 19.Bf4 Rc8 20.Bh3 a6 21.Bxc8 Qxc8 22.Nc7 Qg4+
23.Bg3 Rd8 24.Qb3 Nxg3 25.hxg3 d3 26.Nh2 Qd7 27.Qxb6 dxe2 28.Rfe1 Rb8 29.Nxa6 Bd4
30.Nxb8 Qf5 31.Qxb7 Bxf2+ 32.Kg2 Bxg3 33.Kxg3 Qd3+ 34.Nf3  1-0

[Event "Acropolis Women's Open"]
[Site "Athens GRE"]
[Date "2006.08.17"]
[Round "5"]
[White "Grapsa,G"]
[Black "Makka,E"]
[Result "1/2-1/2"]
[WhiteElo "2098"]
[BlackElo "2032"]

1.Nf3 d5 2.g3 Nf6 3.Bg2 c6 4.O-O Bf5 5.d4 h6 6.c4 e6 7.Nc3 Nbd7 8.Re1 Be7
9.Qb3 Qb6 10.c5 Qc7 11.Bf4 Qc8 12.h4 O-O 13.Qd1 Re8 14.b4 Nh5 15.Bd2 Bf8
16.e4 dxe4 17.Nh2 Nhf6 18.g4 Bh7 19.g5 hxg5 20.hxg5 Nd5 21.Nxe4 e5 22.Qg4 Qc7
23.Ng3 exd4 24.Qxd4 Ne5 25.Nf3 Nxf3+ 26.Bxf3 Rxe1+ 27.Rxe1 Rd8 28.Qh4 b6
29.Kg2 f6 30.gxf6 gxf6 31.Qg4+ Qg7 32.cxb6 axb6 33.a3 f5 34.Qg5 Rd7 35.Re6 Rd6
36.Rxd6 Bxd6 37.Qd8+ Qf8 38.Qg5+ Qg7 39.Qd8+ Qf8 40.Qg5+ Qg7  1/2-1/2

[Event "Independence Cup A"]
[Site "Kyiv UKR"]
[Date "2006.08.17"]
[Round "5"]
[White "Berezjuk,E"]
[Black "Kernazhitsky,L"]
[Result "0-1"]
[WhiteElo "2096"]
[BlackElo "2344"]

1.Nf3 d5 2.g3 Nf6 3.Bg2 c6 4.O-O Bf5 5.d3 h6 6.c4 e6 7.Nc3 Nbd7 8.cxd5 cxd5
9.Bf4 g5 10.Bd2 Bg7 11.Nb5 Qb6 12.Nfd4 Bg6 13.Bb4 Bf8 14.Bxf8 Kxf8 15.a4 a6
16.a5 Qc5 17.Rc1 Qb4 18.Nc7 Rb8 19.Nb3 Kg7 20.f4 Rbc8 21.Rc3 Nb8 22.f5 Bxf5
23.Nxd5 Nxd5 24.Bxd5 Bh3 25.Bg2 Bxg2 26.Kxg2 Rxc3 27.bxc3 Qxc3 28.e4 Nd7
29.Qf3 Rf8 30.Nc1 Qxa5 31.d4 Qd2+ 32.Ne2 f5 33.e5 g4 34.Qf2 Rc8 35.Nf4 Qxf2+
36.Rxf2 Kf7 37.d5 Nxe5 38.Nxe6 Kf6 39.Nd4 Nf3 40.Nxf3 gxf3+ 41.Rxf3 Ke5  0-1

[Event "Acropolis Women's Open"]
[Site "Athens GRE"]
[Date "2006.08.18"]
[Round "6"]
[White "Vijayalakshmi,S"]
[Black "Kononenko,T"]
[Result "1-0"]
[WhiteElo "2417"]
[BlackElo "2392"]

1.Nf3 d5 2.g3 c6 3.Bg2 Bg4 4.d3 Nd7 5.h3 Bh5 6.Nbd2 e6 7.b3 Bd6 8.Bb2 e5
9.O-O Ne7 10.e4 O-O 11.Qe1 Re8 12.a3 a5 13.Kh1 f6 14.Nh2 Qb8 15.Ng4 Bf7 16.Qe2 b5
17.h4 Qc7 18.h5 h6 19.Bh3 f5 20.Ne3 fxe4 21.dxe4 Nf6 22.Ng4 Nxh5 23.Bg2 d4
24.Bf3 Nf6 25.Nxf6+ gxf6 26.Kg2 Ng6 27.Rh1 Kg7 28.Rh2 Rh8 29.Rah1 Rag8 30.Kf1 Qe7
31.Nb1 a4 32.Qd1 axb3 33.cxb3 Kf8 34.Rxh6 Rxh6 35.Rxh6 c5 36.Bc1 Rh8 37.Bh5 Kg7
38.Rxh8 Kxh8 39.Qg4 Kg7 40.Qh3 c4 41.Bg4 c3 42.Bf5 Kg8 43.Qg4 c2 44.Nc3 dxc3
45.Bxg6 Bxa3 46.Bh5+ Kh7 47.Qf5+ Kg7 48.Qg4+ Kh7 49.Bxf7 Qxf7 50.Bxa3 Qxb3
51.Bc1 Qb1 52.Qh5+ Kg7 53.Qh6+ Kf7 54.Kg2 b4 55.Kh2 Qa1 56.Be3 Qa8 57.Qh7+ Ke6
58.Qf5+ Kf7 59.f4 exf4 60.gxf4 Qd8 61.e5 b3 62.e6+ Kg7 63.Qg4+ Kh8 64.Qh5+ Kg7
65.Qf7+ Kh8 66.e7 Qxe7 67.Qxe7 b2 68.Qxf6+  1-0

[Event "9th Open"]
[Site "Banyoles ESP"]
[Date "2006.08.18"]
[Round "2"]
[White "Van Rijn,W"]
[Black "Hillarp Persson,T"]
[Result "0-1"]
[WhiteElo "2214"]
[BlackElo "2549"]

1.Nf3 d5 2.g3 c6 3.Bg2 Bg4 4.O-O Nd7 5.d4 e6 6.h3 Bxf3 7.Bxf3 f5 8.c4 Bd6
9.Nc3 Ngf6 10.Qc2 O-O 11.cxd5 cxd5 12.Bd2 a6 13.a4 Nb8 14.Bg5 Nc6 15.e3 h6
16.Bxf6 Qxf6 17.Qb3 Rab8 18.a5 Kh8 19.Ne2 Bb4 20.Nf4 Bxa5 21.Nd3 Bc7 22.Nc5 Qe7
23.Rfc1 Bd6 24.Be2 Bxc5 25.Rxc5 e5 26.Qxd5 exd4 27.Ra3 Rbd8 28.Qc4 Ne5 29.Qc1 d3
30.Bd1 d2 31.Qc2 Qe6 32.f4 Nc6 33.Kf2 Nb4 34.Qb1 b6 35.Re5 Qd7 36.g4 Qc6
37.e4 fxg4 38.Rc3 Qf6 39.Rf5 Qh4+ 40.Ke2 Qe1+  0-1

[Event "Independence Cup A"]
[Site "Kyiv UKR"]
[Date "2006.08.19"]
[Round "7"]
[White "Berezjuk,E"]
[Black "Kruglyakov,P"]
[Result "0-1"]
[WhiteElo "2096"]
[BlackElo "2281"]

1.Nf3 d5 2.g3 Nf6 3.Bg2 c6 4.O-O Bf5 5.d3 e6 6.c4 h6 7.Nc3 Be7 8.cxd5 exd5
9.Qb3 Qb6 10.Qxb6 axb6 11.e4 dxe4 12.Nd4 Bh7 13.dxe4 O-O 14.Nf5 Bc5 15.Be3 Bxe3
16.Nxe3 b5 17.Nc2 Nbd7 18.b4 Ne5 19.f3 Rfd8 20.Rfd1 Rxd1+ 21.Rxd1 Nc4 22.Bf1 Nb2
23.Rd2 g5 24.Nd4 Na4 25.Nd1 Nb6 26.Nf5 Bxf5 27.exf5 Nbd5 28.Kf2 Nxb4 29.Nc3 Ra3
30.Rd6 Kg7 31.Ne4 Rxa2+ 32.Kg1 Nbd5 33.Nc5 b4 34.Bc4 Rc2 35.Bxd5 Rxc5  0-1

[Event "6th Open"]
[Site "Velika Gorica CRO"]
[Date "2006.08.20"]
[Round "2"]
[White "Kozarcanin,S"]
[Black "Zaja,I"]
[Result "0-1"]
[WhiteElo "2243"]
[BlackElo "2445"]

1.Nf3 d5 2.g3 g6 3.Bg2 Bg7 4.d4 e6 5.O-O Ne7 6.c4 Nbc6 7.cxd5 exd5 8.Bf4 Nf5
9.Nc3 a6 10.e3 O-O 11.Qd3 Nfe7 12.Rac1 h6 13.h4 Na5 14.Qd1 Bg4 15.Ne2 Nc4
16.b3 Nd6 17.Nh2 Be6 18.Be5 f6 19.Nf4 Bf7 20.Bxd6 Qxd6 21.e4 dxe4 22.Bxe4 c6
23.h5 g5 24.Ng6 Bxg6 25.Bxg6 f5 26.Nf3 Rad8 27.Re1 Nxg6 28.hxg6 Qxg6 29.Re7 Rf7
30.Qe2 Rdf8 31.Qc4 Kh7 32.Rce1 Qh5 33.Qd3 Kg8 34.d5 cxd5 35.Qxd5 f4 36.gxf4 Qg4+
37.Kh1 Qxf4 38.Nh2 b5 39.R1e3 Kh8 40.Rxf7 Qxf7 41.Qxf7 Rxf7 42.Kg2 Bd4 43.Re8+ Kg7
44.Ng4 h5 45.Ne3 g4 46.Re4 Ba7 47.a4 bxa4 48.bxa4 Kg6 49.Re6+ Rf6 50.Rxf6+ Kxf6
51.Nd5+ Ke5 52.Nb4 Bc5 53.Nd3+ Kd4 54.Nxc5 Kxc5 55.Kg3 Kb4 56.Kh4 Kxa4 57.Kxh5 Kb5
58.Kxg4 a5 59.f4 Kc6 60.Kg5 Kd7 61.Kg6 a4 62.f5 a3  0-1

[Event "Acropolis Women's Open"]
[Site "Athens GRE"]
[Date "2006.08.21"]
[Round "9"]
[White "Foisor,C"]
[Black "Melia,S"]
[Result "1/2-1/2"]
[WhiteElo "2393"]
[BlackElo "2381"]

1.g3 d5 2.Nf3 g6 3.Bg2 Bg7 4.O-O e5 5.d3 Ne7 6.e4 O-O 7.c3 Nbc6 8.b4 a6 9.Bb2 h6
10.Nbd2 Be6 11.a3 dxe4 12.dxe4 Qd3 13.Re1 Rad8 14.Bf1 Qd7 15.Qc2 Bg4 16.Re3 h5
17.Rd3 Qc8 18.Re1 Rxd3 19.Bxd3 Rd8 20.Bc1 Bh6 21.Be2 Qe6 22.Nf1 Bxc1 23.Qxc1 Qa2
24.h4 Kg7 25.Kg2 Nc8 26.N1h2  1/2-1/2

[Event "XXVI Open A"]
[Site "Bratto ITA"]
[Date "2006.08.21"]
[Round "3"]
[White "Capece,A"]
[Black "Ranieri,F"]
[Result "1/2-1/2"]
[WhiteElo "2041"]
[BlackElo "2227"]

1.Nf3 d5 2.g3 c5 3.Bg2 Nc6 4.c4 d4 5.d3 e5 6.Na3 Be7 7.Nc2 h6 8.Bd2 Nf6 9.a3 a5
10.O-O O-O 11.Rb1 Bf5 12.b4 axb4 13.axb4 e4 14.Nh4 Bh7 15.bxc5 g5 16.Rxb7 Kg7
17.Qc1 Ng8 18.dxe4 gxh4 19.Qb2 Bf6 20.Qb5 Ne5 21.Nb4 Ra5 22.Qb6 Nxc4 23.Qxd8 Bxd8
24.Bf4 Rxc5 25.Rc1 Be7 26.Nd5 h3 27.Bxh3 Bxe4 28.Rxe7 Bxd5 29.Be5+ Kg6 30.Rd7 Nxe5
31.Rd6+ Kg7 32.Rxc5  1/2-1/2

[Event "3rd Dato Arthur Tan"]
[Site "Kuala Lumpur MAS"]
[Date "2006.08.22"]
[Round "4"]
[White "Karavade,E"]
[Black "Nay Oo Kyaw Tun"]
[Result "1/2-1/2"]
[WhiteElo "2316"]
[BlackElo "2508"]

1.Nf3 d5 2.g3 Nf6 3.Bg2 c6 4.O-O Bf5 5.c4 e6 6.cxd5 exd5 7.d3 Be7 8.Nc3 O-O
9.Nd4 Bc8 10.Bf4 Na6 11.e4 Qb6 12.Nb3 Bg4 13.Bf3 Bxf3 14.Qxf3 dxe4 15.dxe4 Rfd8
16.Rad1 Nb4 17.Be3 Qc7 18.Bf4 Qb6 19.Be3 Qc7 20.Bf4 Qb6  1/2-1/2

[Event "Canadian Closed zt"]
[Site "Toronto CAN"]
[Date "2006.08.22"]
[Round "5"]
[White "Filipovich,D"]
[Black "Chung,K"]
[Result "1-0"]
[WhiteElo "2236"]
[BlackElo "2047"]

1.Nf3 d5 2.g3 c5 3.Bg2 Nc6 4.d4 e6 5.O-O Nf6 6.c4 dxc4 7.Ne5 Bd7 8.Na3 cxd4
9.Naxc4 Bc5 10.a3 O-O 11.b4 Be7 12.Bb2 Rc8 13.Rc1 b5 14.Bxc6 Bxc6 15.Na5 Ba8
16.Nac6 Qd6 17.Qxd4 a6 18.Rfd1 Qc7 19.Nxe7+ Qxe7 20.Ng4 Rfd8 21.Nxf6+ gxf6
22.Rxc8 Rxc8 23.Qh4 Rd8 24.Rxd8+ Qxd8 25.Qg4+ Kf8 26.Bd4 Ke7 27.Bxf6+  1-0

[Event "3rd Dato Arthur Tan"]
[Site "Kuala Lumpur MAS"]
[Date "2006.08.23"]
[Round "6"]
[White "Jones,B"]
[Black "Edwin,L"]
[Result "1/2-1/2"]
[WhiteElo "2110"]
[BlackElo "1977"]

1.Nf3 d5 2.g3 e6 3.Bg2 Nf6 4.O-O Be7 5.d3 c6 6.c3 O-O 7.Qc2 Nbd7 8.a4 e5
9.Na3 e4 10.dxe4 Nxe4 11.c4 Nef6 12.Rd1 Bxa3 13.bxa3 dxc4 14.Bb2 Qe7 15.Ng5 h6
16.Nf3 Rd8 17.Qxc4 Nb6 18.Qh4 Be6 19.Bxf6  1/2-1/2

[Event "3rd Dato Arthur Tan"]
[Site "Kuala Lumpur MAS"]
[Date "2006.08.23"]
[Round "6"]
[White "Karavade,E"]
[Black "Sukandar,I"]
[Result "1-0"]
[WhiteElo "2316"]
[BlackElo "2237"]

1.Nf3 d5 2.g3 c6 3.Bg2 Nf6 4.O-O Bg4 5.c4 e6 6.cxd5 exd5 7.d3 Bd6 8.Nc3 O-O
9.h3 Bh5 10.Qc2 Nbd7 11.e4 dxe4 12.dxe4 Re8 13.Nh4 h6 14.Kh1 Nh7 15.Nf5 Bc5
16.Ne2 f6 17.Nf4 Bf7 18.Rd1 Nhf8 19.Nd3 Qa5 20.Nxc5 Qxc5 21.Qxc5 Nxc5 22.Nd6 Re7
23.Be3 Nfe6 24.Rac1 Na4 25.b3 Nb6 26.a4 Ng5 27.Rc3 Bg6 28.a5 Nc8 29.Nf5 Bxf5
30.exf5 Nf7 31.a6 bxa6 32.Rxc6 Rb8 33.Bf4  1-0